00889nam a2200205Ia 4500003000900000008004100009020003000050022002200080022002300102040001600125100002500141245011300166260013300279300002000412490002700432700001900459700001900478700002300497856016300520IN-BaIIA211028s9999 xx s 000 0 eng d a978-1-108-47158-9 (Print) a1743-9213 (Print) a1743-9221 (Online) cIIA Library aOskinova, L. M., ed. 0aHigh-mass X-ray Binaries: Illuminating the Passage from Massive Binaries to Merging Compact Objectsh[eBook] aCambridge bCambridge University Press c2020 aOnline resource aIAU Symposium; no. 346 aBozzo, E., ed. aBulik, T., ed. aDouglas R. G., ed. uhttps://www.cambridge.org/core/journals/proceedings-of-the-international-astronomical-union/issue/BFF3E2C2AAE1AB336A70B1D29AC97A61yClick Here to Access eBook